000 00683nam a2200253Ia 4500
003 OSt
005 20221006160249.0
006 a|||||r|||| 00| 0
007 ta
008 221006b |||||||| |||| 00| 0 eng d
020 _a9788925536286
_c
_35.00
024 _a44,759
037 _bgift, Window on Korea
_cTextual
040 _aEASL
_cEASL
_beng
041 _2eng
_aeng
082 _az495, Q0
245 0 _aKrea 2020
_b Global perspectives for the next decade
260 _aSeoul
_bRandom House Korea
_c2010
300 _a188p.
_ccm.
490 _v KEL
650 _aKEL
942 _hz495, Q0
_cTEXL
_2CC
999 _c1112851
_d1112851